000 01150nam a2200217Ia 4500
003 Ost
005 20260507075019.0
008 260507s9999||||xx |||||||||||||| ||und||
040 _cfsecg
041 _aara
082 _a515
100 _aبخيت، حسين علي
_eمؤلف
245 0 _aأساسيات الإقتصاد الرياضي /
_c حسين علي بخيت
260 _aعمان:
_bدار المناهج للنشر والتوزيع,
_c2002
300 _a429 صفحة؛
_c24 سم
520 _aالإطار المفاهيمي-توازن السوق-توازن الدخل-استخدام المسفوفات في حل التوازن-نموذج المستخدم المنتج-الميل والمرونة في الدوال الإقتصادية-الأمثلية للدوال الإقتصادية ذات المتغير الواحد-الأمثلة للدوال الإقتصادية ذات المتغيرات المتعددة-دوال الإنتاج-البرمجة الخطية
653 _aالإقتصاد الرياضي
653 _aالدوال
700 _aالرفاعي، غالب عوض
_eمؤلف ثانوي
942 _cكتاب
999 _c42248
_d42248